| 000 | 00658nam a2200217Ia 4500 | ||
|---|---|---|---|
| 003 | GCL | ||
| 008 | 140319s9999 xx 000 0 ara d | ||
| 040 |
_aGCL / _cGCL |
||
| 082 | 0 | 4 |
_a910.92 _bو ق |
| 100 | 1 | _aاحمد خاكى | |
| 245 | 1 | 0 |
_aقصص الرحالة والكشافين / _cاحمد خاكى |
| 700 | 1 | _aوطسن, اليزابيث ج بوج | |
| 700 | 1 | _aكراثرز, ج ايزابيل | |
| 700 | 1 | _aادوار رياض | |
| 300 | _a119 | ||
| 490 |
_aالهيئة العامة للاستعلامات _v0 |
||
| 650 | 0 | 4 | _aالرحلات |
| 650 | 0 | 4 | _aالمكتشفون |
| 650 | 0 | 4 | _aالكشوف الجغرافية |
| 942 |
_2ddc _cBK |
||
| 999 |
_c49844 _d49844 |
||